[Event "IOM Open-Masters 2017"]
[Site "Douglas"]
[Date "2017.09.25"]
[Round "3"]
[White "Fischer, Daniel"]
[Black "Esserman, Marc"]
[Result "0-1"]
[WhiteElo "2100"]
[BlackElo "2453"]
[Annotator "TA"]
[PlyCount "122"]
[EventDate "2017.??.??"]
[EventType "swiss"]
[EventCountry "GBR"]
[SourceTitle "playchess.com"]
[Source "ChessBase"]
[SourceQuality "1"]

{[%evp 9,122,69,53,0,20,-23,-15,-29,-23,-25,-10,-19,0,-35,-29,-34,-10,-14,-16,-36,10,0,7,-23,-15,-36,-34,-33,-30,-41,-29,-64,0,-32,-7,-50,-51,-57,-52,-70,-70,-70,-70,-70,-56,-70,-70,-70,-70,-70,-70,-70,-70,-91,-70,-74,-51,-69,-59,-69,-69,-75,-50,-75,-66,-68,-62,-68,-61,-73,-48,-87,-84,-94,-95,-97,-85,-104,-103,-113,-106,-124,-88,-103,-89,-129,-120,-140,-141,-145,-148,-206,-148,-233,-170,-328,-333,-483,-471,-459,-414,-475,-451,-464,-439,-863,-879,-29978,-29979,-29979,-29980,-29988,-29989,-29992,-29990]} 1. e4 Nc6 2. Nf3 d5 3. exd5 Qxd5 4. Nc3 Qa5 5. d4 {[%cal Bd2d4,Bd4d5][%mdl 32]} Bg4 {LiveBook: 68 Games} 6. d5 {B01: Scandinavian Defence} (6. Bb5 O-O-O 7. Bxc6 bxc6 8. h3 Qh5 9. Qe2 Bxf3 10. gxf3 Kb7 11. Be3 e6 12. O-O-O Nf6 13. Rd3 Rb8 14. Rg1 h6 {0-1 (56) Guseinov,G (2613)-Bacrot,E (2720) Dubai 2014}) 6... O-O-O $1 7. h3 (7. Bd2 $5 {[%cal Rd5c6]} Ne5 8. Qe2 Nxf3+ 9. gxf3 $14) 7... Bxf3 8. Qxf3 {The position is equal.} (8. gxf3 $2 Nf6 $17) 8... Nb4 9. Bd3 $1 Nf6 $146 ({Predecessor:} 9... Nxd3+ 10. Qxd3 e6 11. O-O Bb4 12. Qf3 exd5 13. Qxf7 Rd7 {1-0 (52) Trofimova,A (2200)-Akishina,T (2002) Novokuznetsk 2007}) 10. O-O Nbxd5 11. Bd2 (11. Ne4 $5 {[%cal Re4g5]} e6 12. Rd1 $11) 11... e6 12. Ne4 Qb6 13. Nxf6 Nxf6 14. a4 Qc6 15. Qxc6 bxc6 16. Ba6+ Kd7 17. Bg5 Be7 18. Rad1+ Nd5 19. Bd2 Bd6 20. b3 Nf6 (20... Ke7 $15) 21. Bg5 (21. Rfe1 {with more complications.} Rb8 22. Be2 Ke7 23. Be3 Bb4 24. Rf1) 21... h6 (21... Rb8 {looks sharper.} 22. Be3 Nd5 23. Bd4 e5 24. Ba1 f6) 22. Bxf6 (22. Bd2 {is interesting.} Ke7 23. Bb7 Ne4 24. Be3 Bc5 25. Bxc6 Bxe3 26. Bxe4 Bd4 27. g4) 22... gxf6 23. Rfe1 Ke7 24. Bf1 Rhg8 25. Rd3 f5 26. Be2 Kf6 27. Bf3 c5 28. Rc3 Rb8 29. Rc4 Rg6 30. Be2 Rbg8 31. Bf1 Rd8 32. Be2 e5 33. f3 Rdg8 34. Bf1 Rg3 {And now ...Rxf3 would win.} 35. Kf2 R3g7 36. Kg1 Rd8 37. Bd3 h5 {[%cal Bh6h5,Bh5h4][%mdl 32]} 38. Rd1 Rgg8 39. Re1 Be7 40. Re2 Rd4 41. Kf2 h4 42. Kf1 Bd6 43. Kf2 Re8 44. Re3 Re7 45. Kf1 Rd7 46. Kf2 Bf8 47. Re2 R7d5 48. Kf1 Bh6 49. Re1 Bf4 50. Kg1 (50. Rxd4 $17 {is a better defense.} cxd4 51. b4) 50... Bg3 51. Rf1 (51. Rxd4 $17 cxd4 52. Rb1) 51... Kg5 52. Rb1 $2 {[#]} (52. Rxd4 Rxd4 53. Be2) 52... e4 $1 $19 {[%mdl 512]} 53. fxe4 (53. Rxd4 $142 Rxd4 54. Bc4) 53... fxe4 54. Rxd4 Rxd4 {[%mdl 4096] Endgame KRB-KRB} 55. Bc4 Rd2 56. Rc1 f5 57. Kf1 (57. Bb5 $142) 57... f4 58. Kg1 f3 {Black mates.} 59. gxf3 exf3 60. Be6 Rg2+ 61. Kf1 Rh2 {Precision: White = 28%, Black = 66%.} 0-1

[Event "IOM Open-Masters 2017"]
[Site "Douglas"]
[Date "2017.09.25"]
[Round "3"]
[White "Kavinda, Akila"]
[Black "Arjun, Kalyan"]
[Result "0-1"]
[WhiteElo "2099"]
[BlackElo "2406"]
[Annotator "ChessBase"]
[PlyCount "60"]
[EventDate "2017.??.??"]
[EventType "swiss"]
[EventCountry "GBR"]
[SourceTitle "playchess.com"]
[Source "ChessBase"]
[SourceQuality "1"]
[TimeControl "40/6000+30:20/3000+30:900+30"]

1. Nf3 d5 2. e3 Nf6 3. c4 c6 4. Nc3 e6 5. b3 Bd6 6. Bb2 O-O 7. Qc2 e5 8. cxd5 cxd5 9. Nb5 Nc6 10. Nxd6 Qxd6 11. d4 Nb4 12. Qd1 Qc7 13. dxe5 Nc2+ 14. Ke2 Nxa1 15. exf6 Nc2 16. Qd2 Bf5 17. Nh4 Bg4+ 18. f3 Rfe8 19. Kf2 Bd7 20. Qxd5 Nxe3 21. Qd4 Qc2+ 22. Kg3 g5 23. Bd3 gxh4+ 24. Kxh4 Nf5+ 25. Bxf5 Qxf5 26. Rd1 Bc6 27. g4 Qxf3 28. Rd3 Re4 29. Rxf3 Rxd4 30. Rf5 Rd5 0-1

[Event "IOM Open-Masters 2017"]
[Site "Douglas"]
[Date "2017.09.25"]
[Round "3"]
[White "Kruse, Janik"]
[Black "Yoo, Christopher Woojin"]
[Result "0-1"]
[WhiteElo "2096"]
[BlackElo "2254"]
[Annotator "NA"]
[PlyCount "98"]
[EventDate "2017.??.??"]
[EventType "swiss"]
[EventCountry "GBR"]
[SourceTitle "playchess.com"]
[Source "ChessBase"]
[SourceQuality "1"]
[TimeControl "40/6000+30:20/3000+30:900+30"]

1. e4 c5 2. Nf3 d6 3. Bb5+ Nd7 4. d4 cxd4 5. Qxd4 a6 6. Bxd7+ Bxd7 7. c4 e5 8. Qd3 b5 9. Nc3 bxc4 10. Qxc4 h6 11. O-O Nf6 12. Rd1 Be7 13. b4 O-O 14. a4 Rc8 15. Qd3 Qc7 16. Nd5 Nxd5 17. Qxd5 Bc6 18. Qd3 Qb7 19. Re1 f5 20. Nd2 fxe4 21. Nxe4 Qxb4 22. Ba3 Bxe4 23. Rxe4 Qc3 24. Qxc3 Rxc3 25. Re2 Rf4 26. Bb2 Rb3 27. g3 Rfb4 28. Ra2 Kf7 29. Kg2 Rc4 30. Ba1 Rbb4 31. a5 Rc5 32. Ra3 Bf6 33. Rd3 Rxa5 34. Bc3 Rb3 35. Bxa5 Rxd3 36. Ra2 d5 37. Bb6 d4 38. Rxa6 e4 39. Ba7 Rb3 40. Rd6 d3 41. f3 Bc3 42. Be3 d2 43. Kf2 Bb4 44. Rd7+ Ke6 45. Rd4 Bc5 46. Rxe4+ Kd5 47. Ke2 Bxe3 48. Re7 Rb1 49. Rd7+ Ke6 0-1

[Event "IOM Open-Masters 2017"]
[Site "Douglas"]
[Date "2017.09.25"]
[Round "3"]
[White "Burrows, Martin P"]
[Black "Akobian, Varuzhan"]
[Result "0-1"]
[WhiteElo "2085"]
[BlackElo "2662"]
[Annotator "TA"]
[PlyCount "60"]
[EventDate "2017.??.??"]
[EventType "swiss"]
[EventCountry "GBR"]
[SourceTitle "playchess.com"]
[Source "ChessBase"]
[SourceQuality "1"]

{[%evp 29,60,-68,-50,-72,-45,-87,-83,-132,-122,-135,-125,-112,-97,-149,-143,-130,-129,-165,-119,-95,-105,-1534,-1515,-3149,-2524,-1801,-1736,-29959,-6603,-29994,-29995,-29995,-29996]} 1. e4 e6 2. d4 d5 3. Nc3 Nf6 4. e5 Nfd7 5. f4 c5 6. Nf3 Nc6 7. Be3 cxd4 8. Nxd4 Bc5 9. Qd2 O-O 10. O-O-O a6 {[%cal Ba7a6,Ba6a5,Ba5a4][%mdl 32]} 11. Qf2 Bxd4 12. Bxd4 b5 13. Bd3 {C11: French: Classical System: 4 e5 and 4 Bg5 dxe4} (13. Be3 Qa5 14. Kb1 b4 15. Ne2 Qc7 16. Nd4 Nxd4 17. Bxd4 a5 18. Bb5 a4 19. b3 Ba6 20. Bxa4 Rfc8 {1-0 (74) So,W (2808)-Holt,C (2567) chess.com INT 2017}) 13... b4 14. Ne2 a5 15. Kb1 Ba6 {LiveBook: 3 Games} 16. Rhe1 a4 17. Nc1 Qc7 18. g4 Nxd4 $146 ({Predecessor:} 18... Rfc8 19. Be3 Na5 20. b3 Nb7 21. Bxa6 Rxa6 {0-1 (33) Katai,D (2154)-Erdos,V (2453) Balatonlelle 2005}) 19. Qxd4 Rfc8 20. Rd2 Qa5 21. Qf2 (21. Bxa6 $142 Qxa6 22. Qxb4) 21... Nc5 $17 22. f5 {[#]} b3 $1 {[%mdl 512] Hoping for ...Bxd3.} 23. a3 (23. axb3 axb3) 23... bxc2+ 24. Bxc2 Rab8 25. f6 $2 {[%mdl 8192] [#]} (25. Qe3 $17) 25... Rxb2+ $1 $19 {[%mdl 512]} 26. Kxb2 Rb8+ 27. Nb3 Nxb3 28. Qa7 Rc8 29. Red1 Qc3+ 30. Ka2 Nxd2 {Precision: White = 23%, Black = 80%.} 0-1

[Event "IOM Open-Masters 2017"]
[Site "Douglas"]
[Date "2017.09.25"]
[Round "3"]
[White "Maroroa, Sue"]
[Black "Arkell, Keith C"]
[Result "0-1"]
[WhiteElo "2083"]
[BlackElo "2415"]
[Annotator "TA"]
[PlyCount "80"]
[EventDate "2017.??.??"]
[EventType "swiss"]
[EventCountry "GBR"]
[SourceTitle "playchess.com"]
[Source "ChessBase"]
[SourceQuality "1"]

{[%evp 23,80,9,5,5,8,-3,-2,-29,-29,-25,-20,-24,-20,-57,-66,-57,-64,-49,-52,-122,-118,-133,-116,-123,-123,-116,-117,-178,-181,-179,-166,-310,-320,-311,-325,-435,-435,-435,-435,-435,-435,-435,-426,-426,-426,-385,-385,-378,-378,-618,-589,-611,-590,-663,-636,-774,-750,-741,-704]} 1. e4 e6 2. d4 d5 3. Nd2 c5 4. Ngf3 cxd4 5. exd5 Qxd5 6. Bc4 Qd8 7. O-O Nc6 8. Nb3 Nf6 9. Nfxd4 Nxd4 10. Qxd4 Qxd4 11. Nxd4 Bd7 12. Nf3 {C07: French Tarrasch: 3...c5, 4 Ngf3 and 4 exd5 Qxd5} (12. Be2 Bc5 13. Rd1 Rc8 14. c4 O-O 15. Be3 e5 16. Nc2 Bf5 17. Bxc5 Rxc5 18. Ne3 Be6 19. b4 Rc7 20. c5 Ne4 21. Rac1 Rfc8 22. Bf3 Nf6 23. Bd5 Nxd5 24. Nxd5 Bxd5 25. Rxd5 f6 26. Rcd1 {½-½ (26) Anand,V (2786)-So,W (2812) Stavanger 2017}) 12... Bd6 {LiveBook: 5 Games} 13. Rd1 Ke7 14. Bg5 $146 {The position is equal.} ({Predecessor:} 14. Ng5 Rhc8 15. Bb3 Be8 16. c3 h6 17. Nf3 b5 18. a3 a6 19. Nd4 Ng4 {0-1 (52) Pernutz,H (2270)-Gulko,B (2615) Bern 1994}) 14... h6 15. Be3 Rhc8 16. Bb3 Ng4 17. Bd4 Bc6 18. h3 Bxf3 $1 19. gxf3 Ne5 20. Kg2 g5 21. Bc3 (21. Be3 $15) 21... Ng6 $17 22. Kf1 a5 {aiming for ...a4.} 23. a4 Be5 24. Bxe5 Nxe5 25. Ke2 (25. f4 $17 gxf4 26. Ke2) 25... Ng6 $19 26. Rd4 Rd8 27. Rad1 (27. Ke3 {keeps fighting.}) 27... Nf4+ 28. Kf1 Nxh3 29. Rxd8 Rxd8 30. Rxd8 Kxd8 {[%mdl 4096] Endgame KB-KN} 31. c3 Nf4 32. Bc4 Kc7 33. Kg1 h5 34. Bb5 Kd6 35. Be8 Nd3 36. b3 $2 {[#]} (36. b4 axb4 37. Bb5) 36... Ke7 {Black is clearly winning.} 37. Bb5 Nf4 38. Bc4 Nd5 39. Kg2 Nxc3 40. f4 gxf4 {Precision: White = 35%, Black = 97%.} 0-1

[Event "IOM Open-Masters 2017"]
[Site "Douglas"]
[Date "2017.09.25"]
[Round "3"]
[White "Thilakarathne, G M H"]
[Black "Loos, Roland"]
[Result "1/2-1/2"]
[WhiteElo "2053"]
[BlackElo "2393"]
[Annotator "NA"]
[PlyCount "82"]
[EventDate "2017.??.??"]
[EventType "swiss"]
[EventCountry "GBR"]
[SourceTitle "playchess.com"]
[Source "ChessBase"]
[SourceQuality "1"]
[TimeControl "40/6000+30:20/3000+30:900+30"]

1. e4 c6 2. d4 d5 3. e5 c5 4. dxc5 Nc6 5. Nf3 Bg4 6. c3 e6 7. Be3 Bxf3 8. Qxf3 Qc7 9. Bb5 Qxe5 10. O-O Nf6 11. Nd2 Be7 12. Nc4 Qe4 13. Na5 a6 14. Bxc6+ bxc6 15. Nxc6 Qxf3 16. gxf3 Bxc5 17. Bxc5 Rc8 18. Nb4 Rxc5 19. Nxa6 Rc4 20. Rfd1 Ke7 21. Nb4 Rb8 22. Nd3 Kd6 23. Rd2 Ra4 24. a3 g5 25. Re1 Nd7 26. Kg2 Rg8 27. h3 h5 28. Re3 Rb8 29. Nb4 Rc8 30. Nd3 Rh4 31. Rde2 Rb8 32. Kg3 Rc4 33. Kg2 Rb5 34. Rd2 Rb8 35. Nb4 Rbc8 36. Nd3 R8c7 37. Rde2 Rb7 38. Rd2 Rb5 39. Nb4 Ne5 40. b3 Rh4 41. c4 Rc5 1/2-1/2

[Event "IOM Open-Masters 2017"]
[Site "Douglas"]
[Date "2017.09.25"]
[Round "3"]
[White "Harari, Zaki"]
[Black "Arakhamia-Grant, Ketevan"]
[Result "1-0"]
[WhiteElo "2027"]
[BlackElo "2369"]
[Annotator "NA"]
[PlyCount "125"]
[EventDate "2017.??.??"]
[EventType "swiss"]
[EventCountry "GBR"]
[SourceTitle "playchess.com"]
[Source "ChessBase"]
[SourceQuality "1"]
[TimeControl "40/6000+30:20/3000+30:900+30"]

1. e4 c5 2. d4 cxd4 3. c3 d3 4. Bxd3 d6 5. Nf3 Nf6 6. h3 e6 7. c4 Nbd7 8. Nc3 a6 9. O-O Be7 10. Bf4 Qc7 11. Qe2 Ne5 12. Rfd1 b6 13. Rac1 O-O 14. b3 Bb7 15. Bb1 Rac8 16. Nd4 Rfe8 17. Be3 Qb8 18. f4 Ned7 19. Bf2 Bf8 20. Nf3 g6 21. Bh4 d5 22. e5 Nh5 23. Qd2 Nc5 24. cxd5 exd5 25. g4 Ne4 26. Nxe4 dxe4 27. Ng5 Rcd8 28. Qh2 Bc5+ 29. Kf1 Rxd1+ 30. Rxd1 Rd8 31. Rxd8+ Qxd8 32. Bc2 Ng7 33. Be1 Qd4 34. Qd2 Qxd2 35. Bxd2 e3 36. Bc1 a5 37. Ke2 h6 38. Ne4 Bd4 39. Nf6+ Kh8 40. Bxe3 Ne6 41. Bd3 g5 42. Bxd4 Nxd4+ 43. Ke3 Ne6 44. f5 Nc5 45. Bc4 Kg7 46. Ne8+ Kf8 47. Nd6 Bg2 48. Bxf7 Bxh3 49. Bh5 Nd7 50. Kd4 Ke7 51. Nc4 Bg2 52. Ne3 Bc6 53. Nd5+ Kd8 54. Bg6 b5 55. f6 Nf8 56. Bf5 Bd7 57. Nc3 b4 58. Ne4 Ne6+ 59. Kd5 Nc7+ 60. Kc5 a4 61. bxa4 Bxa4 62. e6 Nxe6+ 63. Bxe6 1-0

[Event "IOM Open-Masters 2017"]
[Site "Douglas"]
[Date "2017.09.25"]
[Round "3"]
[White "Jonsson, Gauti Pall"]
[Black "Osmanodja, Filiz"]
[Result "1-0"]
[WhiteElo "2011"]
[BlackElo "2245"]
[Annotator "NA"]
[PlyCount "67"]
[EventDate "2017.??.??"]
[EventType "swiss"]
[EventCountry "GBR"]
[SourceTitle "playchess.com"]
[Source "ChessBase"]
[SourceQuality "1"]
[TimeControl "40/6000+30:20/3000+30:900+30"]

1. e4 c5 2. Nc3 d6 3. f4 g6 4. Nf3 Bg7 5. Bb5+ Nc6 6. Bxc6+ bxc6 7. O-O e6 8. Qe1 Ne7 9. d3 O-O 10. Qh4 f5 11. Bd2 Rb8 12. b3 Qd7 13. Rae1 Ba6 14. g4 fxg4 15. Qxg4 Bc8 16. Nh4 e5 17. f5 d5 18. Qg2 gxf5 19. Bh6 Rf7 20. Nxf5 Nxf5 21. Rxf5 Rb7 22. Rxe5 Kh8 23. Rg5 Qd8 24. Bxg7+ Rxg7 25. Rg3 Rxg3 26. hxg3 Qa5 27. Qf2 Kg7 28. Rf1 Qxc3 29. Qf8+ Kg6 30. Qxc8 Rf7 31. Qg4+ Kh6 32. Rxf7 Qe1+ 33. Kg2 Qd2+ 34. Kh3 1-0

[Event "IOM Open-Masters 2017"]
[Site "Douglas"]
[Date "2017.09.25"]
[Round "3"]
[White "Nahnsen, Kenneth"]
[Black "Player, Edmund C"]
[Result "1/2-1/2"]
[WhiteElo "2011"]
[BlackElo "2202"]
[Annotator "NA"]
[PlyCount "69"]
[EventDate "2017.??.??"]
[EventType "swiss"]
[EventCountry "GBR"]
[SourceTitle "playchess.com"]
[Source "ChessBase"]
[SourceQuality "1"]
[TimeControl "40/6000+30:20/3000+30:900+30"]

1. e4 e6 2. d4 d5 3. e5 c5 4. c3 Nc6 5. Be3 Qb6 6. Qd2 Bd7 7. Nf3 cxd4 8. cxd4 Na5 9. Nc3 Rc8 10. Bd3 Nc4 11. Bxc4 Rxc4 12. O-O Bb4 13. Rfc1 Ne7 14. a3 Bxc3 15. Rxc3 Rxc3 16. Qxc3 O-O 17. Rc1 Rc8 18. Qd2 Rc4 19. Rc3 Qc6 20. Rxc4 dxc4 21. Qa5 Qb6 22. Qxb6 axb6 23. Nd2 b5 24. Ne4 Nd5 25. Nc3 b4 26. Nxd5 bxa3 27. bxa3 exd5 28. Bd2 f6 29. f4 Kf7 30. Kf2 Kg6 31. Kf3 h5 32. h3 h4 33. Ke3 Bf5 34. Be1 Be4 35. e6 1/2-1/2

[Event "IOM Open-Masters 2017"]
[Site "Douglas"]
[Date "2017.09.25"]
[Round "3"]
[White "Hopson, Kevin Mike"]
[Black "Gaponenko, Inna"]
[Result "0-1"]
[WhiteElo "1929"]
[BlackElo "2437"]
[Annotator "TA"]
[PlyCount "60"]
[EventDate "2017.??.??"]
[EventType "swiss"]
[EventCountry "GBR"]
[SourceTitle "playchess.com"]
[Source "ChessBase"]
[SourceQuality "1"]

{[%evp 19,60,0,-3,-36,-19,-21,-22,-23,-23,-58,-51,-59,-48,-62,-75,-125,-64,-63,-37,-59,-69,-72,-16,-20,-22,-99,-14,-27,-40,-47,-18,-6,-12,-8,-10,-8,0,-135,-122,-154,-146,-222,-203]} 1. e4 c5 2. Nf3 Nc6 3. d4 cxd4 4. Nxd4 Nf6 5. Nc3 d6 6. Be2 e5 7. Nf3 h6 8. O-O Be7 9. Be3 Be6 10. h3 O-O {LiveBook: 13 Games} 11. Nd2 {B58: Classical Sicilian: 6 Be2} d5 12. exd5 Nxd5 13. Nxd5 {The position is equal.} Bxd5 14. Bf3 f5 $146 {[#] Strongly threatening ...f4.} ({Predecessor:} 14... Be6 15. c3 Qc7 16. Qa4 f5 17. Nb3 {0-1 (41) Commercon,S (1798)-Lubbe,N (2454) playchess.com INT 2011}) 15. Bxd5+ $1 Qxd5 16. Nb3 Qc4 17. Qd7 f4 ({And not} 17... Qxc2 18. Qxb7 f4 19. Rac1 $14) (17... Rf7 $17 {aiming for ...Rd8.} 18. Nd2 Qa6) 18. Bd2 $15 f3 ({Much weaker is} 18... Qxc2 $6 19. Rfc1 $14) 19. g3 Rad8 20. Qg4 $1 {[%cal Rg4c4]} Qxc2 (20... Qxg4 $17 21. hxg4 Nd4 22. Nxd4 exd4) 21. Bxh6 $11 {[%csl Gh6][%cal Rg4g7] [#]} Rf7 22. Rae1 (22. Be3 $11 {remains equal.}) 22... Rd6 (22... Qxb2 $17 23. Re3 Qxa2 24. Rxf3 Qe2) 23. Bc1 Rg6 $36 {[%mdl 2048] White is under pressure.} 24. Na1 Rxg4 (24... Qd3 {seems wilder.} 25. Rd1 Rxg4 26. Rxd3 Ra4 27. a3 e4) 25. Nxc2 Rc4 26. Ne3 Ra4 27. Ng4 Bd6 28. Re3 (28. a3 $11 {keeps the balance.}) 28... Rxa2 $17 29. Rd1 Bc5 30. Re4 (30. Rc3 $17 Bd4 31. Ra3 Rxa3 32. bxa3) 30... Bd4 {Precision: White = 33%, Black = 47%.} 0-1

[Event "IOM Open-Masters 2017"]
[Site "Douglas"]
[Date "2017.09.26"]
[Round "4"]
[White "Kramnik, Vladimir"]
[Black "Enkhtuul, Altan-Ulzii"]
[Result "1-0"]
[WhiteElo "2803"]
[BlackElo "2327"]
[Annotator "TA"]
[PlyCount "81"]
[EventDate "2017.??.??"]
[EventType "swiss"]
[EventCountry "GBR"]
[SourceTitle "playchess.com"]
[Source "ChessBase"]
[SourceQuality "1"]

{[%evp 32,81,69,54,72,37,77,72,73,66,90,46,143,141,139,152,152,132,125,122,119,91,139,145,131,93,148,133,400,389,362,358,531,509,1214,1189,1031,868,882,848,935,733,720,731,715,715,806,785,792,770,814,813]} 1. Nf3 Nf6 2. c4 g6 3. Nc3 Bg7 4. e4 d6 5. d4 O-O 6. Be2 c5 7. O-O cxd4 8. Nxd4 Nc6 9. Be3 Bd7 10. Qd2 Nxd4 11. Bxd4 Bc6 12. f3 a5 13. b3 Nd7 14. Bf2 Nc5 15. Rab1 f5 16. exf5 Rxf5 17. Be3 Qf8 {B38: Sicilian: Maroczy Bind with 5...Bg7 and 7...0-0} 18. Nb5 $146 ({Predecessor:} 18. f4 Ne4 19. Nxe4 Bxe4 20. Rbe1 h5 21. Bd3 Bxd3 22. Qxd3 Qf7 23. Qe4 e6 24. Bd4 d5 25. Qe3 Rf8 26. Bxg7 Kxg7 27. Qxe6 Qxe6 28. Rxe6 dxc4 29. bxc4 {½-½ (29) Fogarasi,T (2420)-Medvegy,Z (2397) Budapest 1999}) 18... a4 19. b4 Ne6 {White is better.} 20. Bd3 Rf7 21. Be4 Bxb5 (21... Qe8 $14) 22. cxb5 $16 Nd8 23. Rbd1 $36 {[%mdl 2048] Keeping Black busy.} Qe8 24. b6 Bf8 25. Rfe1 {[%cal Bf1e1,Be1e4,Be4e5][%mdl 32]} e6 26. Bf2 Qb5 27. Bd3 Qh5 28. Re4 Bh6 (28... a3 $142) 29. Qe2 d5 $2 {[%mdl 8192]} (29... Bg7 $16 30. a3 d5) 30. Re5 $18 g5 {[#]} 31. h4 $1 {[%mdl 512] Hoping for g4.} Rg7 {[#]} (31... Bg7 $142 32. Rxg5 Qh6) (31... gxh4 32. Rxh5) 32. Bf5 $1 {[%mdl 512] White is clearly winning.} Qf7 (32... Kh8 $142 33. Bxe6 Nxe6) (32... exf5 33. Re8+) 33. Rxe6 {Intending Re8+ and mate.} Nc6 {[#]} 34. Rxc6 $1 {[%mdl 512]} Qxf5 (34... bxc6 35. Be6) 35. Rxh6 gxh4 36. Qe6+ Qxe6 37. Rxe6 h3 38. g3 Rf8 39. Rxd5 Rxf3 40. Re8+ Kf7 41. Re2 {Precision: White = 88%, Black = 25%.} 1-0

[Event "IOM Open-Masters 2017"]
[Site "Douglas"]
[Date "2017.09.26"]
[Round "4"]
[White "Nakamura, Hikaru"]
[Black "Sethuraman, S P"]
[Result "1/2-1/2"]
[WhiteElo "2781"]
[BlackElo "2617"]
[Annotator "TA"]
[PlyCount "187"]
[EventDate "2017.??.??"]
[EventType "swiss"]
[EventCountry "GBR"]
[SourceTitle "playchess.com"]
[Source "ChessBase"]
[SourceQuality "1"]

{[%evp 13,187,21,34,6,4,0,0,5,14,8,1,7,1,-9,0,0,0,8,29,0,0,0,0,8,27,14,42,26,32,26,26,22,24,22,25,7,7,17,25,4,6,13,11,0,0,0,0,0,0,0,0,0,10,10,11,8,23,0,0,8,8,0,2,1,1,0,0,0,0,0,0,0,0,0,0,0,0,0,4,4,4,4,4,4,9,9,26,26,26,26,26,26,26,26,26,26,26,26,26,26,28,28,28,26,26,23,21,0,0,0,0,0,0,0,0,0,0,0,0,0,0,0,0,0,0,0,0,0,0,0,8,0,0,0,12,12,53,53,53,0,0,0,0,0,0,0,0,0,8,8,8,8,14,14,14,14,14,14,14,0,0,0,0,0,0,0,0,0,0,0,0,0,0,0,0,0]} 1. d4 Nf6 2. c4 e6 3. Nf3 d5 4. Nc3 c6 5. Bg5 Nbd7 6. e3 Qa5 7. Nd2 Bb4 {LiveBook: 595 Games} 8. Bf4 {D52: Queen's Gambit Declined: Cambridge Springs Variation} (8. Qc2 O-O 9. Be2 c5 10. Bxf6 Nxf6 11. Nb3 Bxc3+ 12. bxc3 Qa4 13. Rc1 cxd4 14. cxd4 Qb4+ 15. Qd2 Qxd2+ 16. Nxd2 dxc4 17. Nxc4 Bd7 {1-0 (71) Radjabov,T (2710)-Dreev,A (2652) Doha 2016}) 8... Bxc3 9. bxc3 Qxc3 10. Rc1 $146 ({Predecessor:} 10. Be2 Ne4 11. Rc1 Qa5 12. f3 Nxd2 13. Qxd2 Qxd2+ 14. Kxd2 dxc4 15. Rxc4 O-O {1-0 (53) Gonzalez Garcia,G-Trujillo,I (2325) Spain 1991}) 10... Qa5 11. Bd3 dxc4 12. Rxc4 e5 13. Bg3 $1 O-O 14. O-O Re8 15. Qc2 exd4 16. Nb3 ({Don't play} 16. exd4 Nb6 $15) 16... Qb6 17. Rxd4 Ne5 18. Be2 Qc7 19. Rfd1 Qe7 20. h3 b6 21. Bxe5 Qxe5 22. Qxc6 Bf5 23. g4 Rec8 24. Qd6 (24. Qb5 {looks sharper.} Qxb5 25. Bxb5 Bc2 26. Ra1 h5 27. Ba6) 24... Qxd6 25. Rxd6 Bc2 26. R1d4 Ne4 27. Rd7 Bxb3 28. Rxe4 Bxa2 29. Ra4 Be6 30. Rdxa7 Rxa7 31. Rxa7 $11 {[%mdl 4096] Endgame KRB-KRB} h5 32. gxh5 Bxh3 33. Rb7 Rc6 34. Rb8+ Kh7 35. Bd3+ Kh6 36. Rh8+ Kg5 37. Rh7 Be6 38. Rxg7+ Kxh5 39. Rg8 Rc8 40. Rg7 Kh6 41. Rh7+ Kg5 42. f4+ Kf6 43. Kf2 Ke7 44. Rh6 Rd8 45. Bf1 Rd6 46. e4 Bd7 47. Rh5 Rd4 48. Ke3 Rb4 49. Bd3 Rb3 50. Kd4 Rb4+ 51. Kc3 Ra4 52. Rh6 Ra3+ 53. Kd4 Ra4+ 54. Ke3 b5 55. f5 Ra3 56. Kd4 f6 57. Rh7+ Ke8 $1 58. Be2 Ra2 59. Bh5+ Kd8 60. Bf7 Ra4+ 61. Kd5 b4 62. Kd6 {[#] White threatens Rh8+ and mate.} (62. Rh3 {feels hotter.} Ke7 63. Bg8 b3 64. Rxb3 Ra8 65. Rg3) 62... Ra6+ 63. Kc5 Ra5+ 64. Kd4 Bc6 65. Bc4 Re5 66. Bd3 {[#] Threatens to win with Rf7.} b3 67. Rh2 Ra5 68. Kc3 Re5 69. Rh4 Ke7 70. Kxb3 Kd6 71. Kc3 Kc5 72. Bc2 Re7 73. Kd3 Ra7 74. Ke3 Kd6 75. Kf4 {aiming for Rh6.} Ra1 76. Rh6 (76. Bd3 $14) 76... Rf1+ {The position is equal.} 77. Ke3 Ke5 78. Rh7 {And now Re7+ would win.} Re1+ 79. Kf3 Rf1+ 80. Ke2 Rc1 81. Bd3 Kd4 82. Rh8 Ra1 83. Rd8+ Ke5 84. Rc8 Kd6 85. Kf3 Ra3 86. Rd8+ Ke5 87. Kg4 Ra8 88. Rxa8 Bxa8 {KB-KB} 89. Kf3 Bc6 90. Ke3 Bb7 91. Bc2 Bc6 92. Bd3 Bb7 93. Bc2 Bc6 94. Bd3 {Precision: White = 66%, Black = 75%.} 1/2-1/2